Principles and practice of veterinary technology
This book contains comprehensive coverage of all major content areas studied by veterinary technology students and implemented by veterinary technicians. It is expanded from the first edition with new topics and updated information reflecting the latest improvements in patient care and client intera...
Uloženo v:
| Médium: | Kniha |
|---|---|
| Jazyk: | Undetermined |
| Vydáno: |
St. Louis, Mo
Mosby
2011
|
| Témata: | |
| Tagy: |
Přidat tag
Žádné tagy, Buďte první, kdo otaguje tento záznam!
|
| Thư viện lưu trữ: | Trung tâm Học liệu Trường Đại học Cần Thơ |
|---|
| LEADER | 00830nam a2200193Ia 4500 | ||
|---|---|---|---|
| 001 | CTU_216420 | ||
| 008 | 210402s9999 xx 000 0 und d | ||
| 020 | |c 67.95 | ||
| 082 | |a 636.089 | ||
| 082 | |b P954 | ||
| 245 | 0 | |a Principles and practice of veterinary technology | |
| 245 | 0 | |c [edited by] Margi Sirois | |
| 260 | |a St. Louis, Mo | ||
| 260 | |b Mosby | ||
| 260 | |c 2011 | ||
| 520 | |a This book contains comprehensive coverage of all major content areas studied by veterinary technology students and implemented by veterinary technicians. It is expanded from the first edition with new topics and updated information reflecting the latest improvements in patient care and client interaction. | ||
| 650 | |a Veterinary Medicine,Thuốc thú y | ||
| 904 | |i Qhieu | ||
| 980 | |a Trung tâm Học liệu Trường Đại học Cần Thơ | ||